000 01169nam a2200229Ia 4500
999 _c37964
_d37964
001 3946
003 GE_BSU
005 20190912162237.0
008 181216s1973||||ge |||||||||||||| ||geo||
040 _cGE_BSU
041 _ageo
080 _a316 ვ–26
100 _aვაჩეიშვილი, ა.
_93974
245 _aმცირე სოციალურ ჯგუფთა გამოკვლევის მეთოდური საკითხები /
_cსაქ. სსრ. მეცნ. აკად. ფილოსოფიის ინ–ტი. რედ. შ. ნადირაშვილი.
260 _aთბილისი
264 _aთბ. :
_bმეცნიერება,
_c1973.
300 _a245 გვ. ;
_b21 სმ.
653 _aმცირე სოციალურ ჯგუფთა გამოკვლევის მეთოდური საკითხები.
700 _aნადირაშვილი, შ.
_eრედაქტორი
_92767
710 _aსაქ. სსრ. მეცნ. აკად.
_bფილოსოფიის ინ–ტი.
_93975
942 _cBK
_2udc